000
00262nam a22001217a 4500
003
SGT
082
_a
823
_b
MUR
100
_a
MURPHY GLEHN
245
_a
WILL FARTS DESTROY THE PLANET
260
_a
LONDON
_b
MACMILLAN PUB
_c
2011
300
_a
224
942
_2
ddc
_c
BK
999
_c
33697
_d
33697